| 000 | 00485nam a2200193Ia 4500 | ||
|---|---|---|---|
| 005 | 20240823053006.0 | ||
| 008 | 240823s9999||||xx |||||||||||||| ||und|| | ||
| 020 | _a978-93-392-2127-0 | ||
| 041 | _aENGLISH | ||
| 082 | _A658.4038 Q5 | ||
| 100 | _aPaul C Zikopoulos et al. | ||
| 245 | 0 | _aUnderstanding Big data | |
| 250 | _a1st | ||
| 260 |
_c2015 _bMcGraw - Hill Higher Educ _aNew York |
||
| 500 | _aYES | ||
| 650 |
_aBig Data _bComputer Science |
||
| 942 | _cBK | ||
| 999 |
_c223154 _d223154 |
||